000 00805cab a22002295a 4500
001 L140084
008 070904s2007 xxkd f 000 0 eng d
035 _a(Sirsi) u140084
041 0 _aeng
100 1 _aFisher, Peter
245 0 4 _aThe disposal of public sector sites by development competition
260 _c2007
490 0 _aProperty Management
_v25(4) 2007, 381-399(19)
520 _aInvestigates development competitions in England. Identifies shortcomings, including delays, disputes and sub-optimal use of resources. Suggests improvements. Highlights best practice.
590 _aka
651 4 _aEngland
_y886-
690 _aPlanning and development
_96259
690 _aPROPERTY-PROPERTY ACQUISITION AND DISPOSAL
700 1 _aRobson, Simon
700 1 _aTodd, Suzanne
942 _n0
999 _c79183
_d79183